000 00250nam a2200097Ia 4500
008 230915s9999 xx 000 0 und d
050 _aPZ4.V35 1976
100 _aLUISA VALENZUELA
245 0 _aCLARA: THIRTEEN SHORT STORIES AND NOVEL
942 _cBK
999 _c180934
_d180934